| 000 | 01236cam a2200337 4500 | ||
|---|---|---|---|
| 999 |
_c130295 _d130295 |
||
| 001 | 1265654 | ||
| 003 | ARRUPE | ||
| 005 | 20200204122252.0 | ||
| 008 | 740723s1974 enka b 001 0ceng | ||
| 010 | _a 74171294 | ||
| 015 | _aGB*** | ||
| 020 | _a0709144776 | ||
| 040 |
_aDLC _cDLC _dDLC |
||
| 050 | 0 | 0 |
_aDA567 _b.F57 1974 |
| 082 | 0 | 0 |
_a941.082/3/0924 _aB |
| 100 | 1 |
_aFisher, Graham, _d1920- _949350 |
|
| 245 | 1 | 0 |
_aBertie and Alix; _banatomy of a royal marriage _c[by] Graham and Heather Fisher. |
| 260 |
_aLondon, _bR. Hale _c[1974] |
||
| 300 |
_a192 p. _billus. _c22 cm. |
||
| 350 | _a£2.80 | ||
| 504 | _aBibliography: p. [183]-185. | ||
| 600 | 0 | 0 |
_aEdward _bVII, _cKing of Great Britain, _d1841-1910 _xMarriage. _949351 |
| 600 | 0 | 0 |
_aAlexandra, _cQueen, consort of Edward VII, King of Great Britain, _d1844-1925 _xMarriage. _949352 |
| 650 | 0 |
_aMarriages of royalty and nobility _zGreat Britain. _949353 |
|
| 650 | 0 |
_aMarried people _zGreat Britain _xBiography. _949126 |
|
| 650 | 0 |
_aQueens _zGreat Britain _xBiography. _96214 |
|
| 651 | 0 |
_aGreat Britain _xKings and rulers _xBiography. _96218 |
|
| 700 | 1 |
_aFisher, Heather, _ejoint author. _949354 |
|
| 906 |
_a7 _bcbc _corignew _d3 _encip _f19 _gy-gencatlg |
||
| 942 |
_2lcc _cMONOGRAPH |
||